Hodnotenie zamestnancov v podniku diplomová práca

Enregistré dans:
Détails bibliographiques
Auteur principal: Svitanek, Tomáš
Collectivité auteur: Podnikovohospodárska fakulta EU so sídlom v Košiciach. Katedra manažmentu
Autres auteurs: Olexová, Cecília, 1976-
Format: Livre
Langue:slovaque
Publié: Košice 2015
Tags: Ajouter un tag
Pas de tags, Soyez le premier à ajouter un tag!

MARC

LEADER 00000nbm a2200000 4500
001 0202201
005 20161212094420.8
041 0 |a slo 
044 |a SK 
245 1 0 |a Hodnotenie zamestnancov v podniku  |b diplomová práca  |c Tomáš Svitanek ; školiteľ: Cecília Olexová 
264 1 |a Košice  |c 2015 
300 |a 69 s. 
100 1 |a Svitanek, Tomáš 
700 1 |a Olexová, Cecília, 1976- 
710 2 |a Podnikovohospodárska fakulta EU so sídlom v Košiciach. Katedra manažmentu